[Event "1st Marcel Duchamp Cup"]
[Site "masterchessopen.com Montevideo URU"]
[Date "2017.02.10"]
[Round "2.4"]
[White "Hoffman,A"]
[Black "Saralegui,M"]
[Result "1-0"]
[WhiteElo "2482"]
[BlackElo "2108"]

1.c4 c5 2.Nf3 Nf6 3.Nc3 g6 4.d4 cxd4 5.Nxd4 Bg7 6.e4 d6 7.Be2 O-O 8.O-O Nc6
9.Be3 Bd7 10.Qd2 Rc8 11.f3 a6 12.Rfc1 Nxd4 13.Bxd4 Bc6 14.b4 Re8 15.Qe3 e5
16.Bb6 Qe7 17.a4 Bd7 18.a5 Be6 19.Nd5 Nxd5 20.exd5 Bd7 21.Ra2 f5 22.c5 Qh4
23.Rb1 Bh6 24.Qf2 Qe7 25.c6 bxc6 26.Bxa6 cxd5 27.Bxc8 Rxc8 28.a6 d4 29.Kh1 Be3
30.Qf1 Be6 31.Ra5 Bc4 32.Qxc4+ {#r} 1-0

[Event "1st Marcel Duchamp Cup"]
[Site "masterchessopen.com Montevideo URU"]
[Date "2017.02.10"]
[Round "2.5"]
[White "Dominguez,Facundo"]
[Black "Sosa,T ARG"]
[Result "0-1"]
[WhiteElo "2086"]
[BlackElo "2459"]

1.e4 e5 2.Nf3 Nc6 3.Bb5 Nge7 4.O-O g6 5.d4 exd4 6.Nxd4 Bg7 7.Be3 O-O 8.Nc3 d6
9.Qd2 Be6 10.Nxe6 fxe6 11.Bc4 Qd7 12.Bh6 Rf7 13.Bxg7 Kxg7 14.f4 Raf8 15.Rf2
Rf6 16.Raf1 e5 17.fxe5 Rxf2 18.Rxf2 Rxf2 19.Qxf2 Nxe5 20.Bb3 b6 21.Ne2 Qg4
22.Qe3 Qh4 23.Nf4 Qxh2+ 24.Kxh2 Ng4+ 25.Kg3 Nxe3 26.Ne6+ Kf6 27.Nxc7 Ke5
28.Kf3 Nf1 29.Nb5 Nc6 30.Bd5 Nd4+ 31.Nxd4 Kxd4 32.Bg8 h6 33.Bh7 g5 34.c3+ Ke5
35.b3 h5 36.Bf5 d5 37.Bh7 Nd2+ 38.Ke3 Nxe4 39.c4 d4+ 40.Kd3 Nf6 41.Bg6 h4
42.Ke2 g4 43.b4 Ne4 44.Kd3 Ng3 45.c5 bxc5 46.bxc5 h3 {#R} 0-1

[Event "1st Marcel Duchamp Cup"]
[Site "masterchessopen.com Montevideo URU"]
[Date "2017.02.10"]
[Round "2.6"]
[White "Garcia Palermo,C"]
[Black "Van Veenendaal,Elmer"]
[Result "1-0"]
[WhiteElo "2438"]
[BlackElo "2094"]

1.d4 c5 2.d5 e5 3.e4 d6 4.f4 Nf6 5.Nc3 Bg4 6.Be2 Bxe2 7.Qxe2 Nbd7 8.Nf3 exf4
9.Bxf4 Be7 10.h3 O-O 11.a4 Re8 12.O-O Bf8 13.a5 a6 14.Nd2 Ne5 15.Bxe5 Rxe5
16.Nc4 Re8 17.Qf3 Qe7 18.Ra3 Nd7 19.Rb3 Rab8 20.e5 dxe5 21.Ne4 Red8 22.Ncd6
Nf6 23.Nf5 Qc7 24.Nxf6+ gxf6 25.Qg4+ Kh8 26.Rg3 {#r} 1-0

[Event "1st Marcel Duchamp Cup"]
[Site "masterchessopen.com Montevideo URU"]
[Date "2017.02.10"]
[Round "2.7"]
[White "Gaye,G"]
[Black "Diaz Hollemaert,N"]
[Result "0-1"]
[WhiteElo "2061"]
[BlackElo "2429"]

1.e4 c5 2.Nc3 a6 3.g3 b5 4.Bg2 Bb7 5.Nge2 d6 6.O-O Nf6 7.d3 e6 8.h3 Nbd7 9.f4
h5 10.Qe1 Qc7 11.Nd1 c4 12.Nf2 Nc5 13.Be3 Be7 14.Qd2 Rd8 15.Bd4 e5 16.Bc3 Rc8
17.Rac1 Bd8 18.Qe3 O-O 19.b3 Re8 20.fxe5 dxe5 21.Bf3 Ne6 22.g4 Nd7 23.Ng3 Bg5
24.Qe1 Bxc1 {#R} 0-1

[Event "1st Marcel Duchamp Cup"]
[Site "masterchessopen.com Montevideo URU"]
[Date "2017.02.10"]
[Round "2.8"]
[White "Roselli Mailhe,B"]
[Black "Izquierdo,D"]
[Result "1-0"]
[WhiteElo "2420"]
[BlackElo "2083"]

1.d4 Nf6 2.c4 e6 3.Nf3 b6 4.a3 Bb7 5.Nc3 d5 6.cxd5 exd5 7.Bg5 Be7 8.e3 O-O
9.Bd3 c5 10.O-O Nbd7 11.Qc2 g6 12.Rad1 c4 13.Be2 Re8 14.Ne5 Rc8 15.f4 Qc7
16.Bf3 Kg7 17.Qe2 Rcd8 18.g4 a6 19.Bxf6+ Nxf6 20.g5 Ng8 21.Qg2 f6 22.gxf6+
Nxf6 23.Kh1 Bc8 24.Rg1 Bf5 25.Nxd5 Nxd5 26.Bxd5 c3 27.Be4 Bxe4 28.Qxe4 cxb2
29.Rxg6+ {#r} 1-0

[Event "1st Marcel Duchamp Cup"]
[Site "masterchessopen.com Montevideo URU"]
[Date "2017.02.10"]
[Round "2.9"]
[White "Lanzilotta,M"]
[Black "Lujan,C"]
[Result "0-1"]
[WhiteElo "2029"]
[BlackElo "2385"]

1.e4 d6 2.d4 Nf6 3.Nc3 g6 4.h3 Bg7 5.Be3 c6 6.Nf3 O-O 7.Qd2 b5 8.Bd3 Qc7 9.O-O
Bb7 10.e5 b4 11.Ne2 Nd5 12.Bh6 dxe5 13.Bxg7 Kxg7 14.dxe5 c5 15.Ng3 h6 16.Rfe1
Rd8 17.Be4 e6 18.c4 bxc3 19.bxc3 Nc6 20.Bxd5 Rxd5 21.Qf4 Rd3 22.Re4 Ne7
23.Qf6+ Kg8 24.Rg4 Bxf3 25.gxf3 Qd8 26.Qf4 Qf8 27.Ne4 Nd5 28.Nf6+ Nxf6 29.exf6
Rd5 30.Qg3 Kh7 31.Kh2 Qb8 32.f4 Rf5 33.Rh4 Qd8 34.Qf3 Rb8 35.Rd1 Qxf6 36.Rg4
h5 37.Rg2 Rxf4 38.Qe3 Qf5 39.Rd7 Rf3 40.Qg5 {#R} 0-1

[Event "1st Marcel Duchamp Cup"]
[Site "masterchessopen.com Montevideo URU"]
[Date "2017.02.10"]
[Round "2.11"]
[White "Escofet,J"]
[Black "Larrea,M"]
[Result "0-1"]
[WhiteElo "2011"]
[BlackElo "2300"]

1.e4 c5 2.Nf3 Nc6 3.d4 cxd4 4.Nxd4 Nf6 5.Nc3 e5 6.Ndb5 d6 7.Bg5 a6 8.Na3 Be6
9.Nc4 Rc8 10.Ne3 Be7 11.Bxf6 Bxf6 12.Ncd5 Bg5 13.Bc4 O-O 14.O-O b5 15.Bb3 Na5
16.c3 g6 17.Qd3 Nb7 18.Rfd1 Nc5 19.Qc2 Kh8 20.f3 f5 21.exf5 gxf5 22.Qe2 Bxe3+
23.Qxe3 f4 24.Qf2 Rg8 25.Kh1 Rg7 26.Bc2 Qg5 27.Be4 Rcg8 28.Rd2 Nxe4 29.fxe4
Bxd5 30.Rxd5 Qxg2+ 31.Qxg2 Rxg2 32.Rxd6 Rxb2 33.Rxa6 Rgg2 34.Ra8+ Kg7 35.Rg1
Rxg1+ 36.Kxg1 Re2 37.Rb8 Rxe4 38.Rxb5 Kf6 39.Rb2 Re1+ 40.Kf2 Rc1 41.a4 Ra1
42.Rc2 e4 43.c4 Rxa4 44.c5 Ra7 45.c6 Rc7 46.Rc5 Ke6 47.Ke2 Kd6 48.Rf5 f3+
49.Ke3 Re7 50.Rf6+ Kc7 51.h4 Kb6 52.Kd4 {#R} 0-1

[Event "1st Marcel Duchamp Cup"]
[Site "masterchessopen.com Montevideo URU"]
[Date "2017.02.10"]
[Round "2.14"]
[White "Coppola,C"]
[Black "Durante,A"]
[Result "0-1"]
[WhiteElo "2266"]
[BlackElo "2045"]

1.d4 Nf6 2.c4 e6 3.g3 d5 4.Bg2 c6 5.Nf3 Be7 6.O-O O-O 7.Qc2 Nbd7 8.Rd1 Ne4
9.Ne5 f5 10.Bf4 Nxe5 11.Bxe5 Bd6 12.Bxd6 Nxd6 13.Nd2 Qf6 14.e3 g5 15.f4 g4
16.c5 Ne4 17.Bxe4 fxe4 18.b4 Bd7 19.a4 h5 20.Nb1 Rf7 21.Nc3 h4 22.b5 Rh7
23.Qe2 Kf7 24.bxc6 bxc6 25.Rab1 hxg3 26.Rb7 Ke7 27.Qa6 Ke8 28.Rdb1 Qh4 29.Qe2
gxh2+ 30.Kh1 g3 31.Rb8+ Rxb8 32.Rxb8+ Ke7 33.Rg8 Be8 34.Rg4 g2+ {#R} 0-1

[Event "1st Marcel Duchamp Cup"]
[Site "masterchessopen.com Montevideo URU"]
[Date "2017.02.10"]
[Round "2.16"]
[White "Zuriel,M"]
[Black "Nejanky,M"]
[Result "1-0"]
[WhiteElo "2245"]
[BlackElo "2018"]

1.e4 c5 2.Nf3 d6 3.d4 cxd4 4.Nxd4 Nf6 5.Nc3 Nc6 6.Be2 g6 7.Nb3 Bg7 8.O-O O-O
9.Bg5 a5 10.a4 Be6 11.f4 Rc8 12.Kh1 Nb4 13.Nd4 Bc4 14.Ndb5 Nxe4 15.Nxe4 Bxe2
16.Qxe2 Rxc2 17.Qf3 Bxb2 18.Rab1 d5 19.Nf2 Qd7 20.Rfe1 f6 21.Bh6 Rfc8 22.Nd1
Bc1 23.Ne3 Bxe3 24.Qxe3 Kf7 25.f5 g5 26.Rbd1 R8c4 27.Nd4 R2c3 28.Qe2 Nc2
29.Nxc2 Rxc2 30.Qh5+ Kg8 31.Bxg5 fxg5 32.Qxg5+ Kf8 33.Qh6+ Ke8 34.Qxh7 Kd8
35.Qg8+ Kc7 36.Rxd5 {#r} 1-0

[Event "83rd ch-BRA 2017"]
[Site "masterchessopen.com Rio de Janeiro BRA"]
[Date "2017.02.10"]
[Round "6.2"]
[White "Matsuura,E"]
[Black "Jatoba de Oliveira Reis,P"]
[Result "1-0"]
[WhiteElo "2480"]
[BlackElo "2397"]

1.d4 Nf6 2.Nc3 g6 3.e4 d6 4.Be3 Bg7 5.Qd2 O-O 6.O-O-O c6 7.f3 b5 8.Kb1 Qa5
9.Nd5 Qd8 10.Nxf6+ Bxf6 11.h4 Nd7 12.h5 e6 13.Nh3 Re8 14.hxg6 fxg6 15.f4 Bg7
16.e5 d5 17.Ng5 Nf8 18.Bd3 a5 19.g4 b4 20.Nxh7 Nxh7 21.Rxh7 Kxh7 22.Qh2+ Kg8
23.Bxg6 Ra7 24.f5 exf5 25.gxf5 Rf7 26.Qh7+ Kf8 27.Bxf7 Kxf7 28.f6 Rg8 29.fxg7
Be6 30.Qh5+ Kxg7 31.Bh6+ {#r} 1-0

[Event "83rd ch-BRA 2017"]
[Site "masterchessopen.com Rio de Janeiro BRA"]
[Date "2017.02.10"]
[Round "6.3"]
[White "Macedo,MIa"]
[Black "Pinto,C"]
[Result "1-0"]
[WhiteElo "2366"]
[BlackElo "2121"]

1.d4 Nf6 2.c4 g6 3.Nc3 Bg7 4.e4 d6 5.Nf3 O-O 6.h3 Na6 7.Bg5 h6 8.Be3 c5 9.d5
Nc7 10.Qd2 Kh7 11.g4 Nd7 12.h4 e5 13.h5 gxh5 14.g5 Rg8 15.Rxh5 Nf8 16.Be2 Ng6
17.gxh6 Bf6 18.Ng5+ Bxg5 19.Bxg5 f6 20.Be3 Qe8 21.O-O-O a6 22.Rh2 b5 23.Rg1 f5
24.Rhg2 b4 25.Bh5 bxc3 26.Qd1 cxb2+ 27.Kxb2 Rb8+ 28.Ka1 f4 29.Rxg6 Rxg6
30.Bxg6+ Qxg6 31.Rxg6 Kxg6 32.Bxc5 dxc5 33.d6 Ne6 34.d7 Bxd7 35.Qxd7 Kf6
36.Qh7 Nd4 37.a3 Rb3 38.Qg7+ Ke6 39.h7 Rxa3+ 40.Kb2 Rb3+ 41.Ka2 Rf3 42.Qg4+
{#r} 1-0

[Event "83rd ch-BRA 2017"]
[Site "masterchessopen.com Rio de Janeiro BRA"]
[Date "2017.02.10"]
[Round "6.4"]
[White "Nogueira,I"]
[Black "Quintiliano Pinto,R"]
[Result "0-1"]
[WhiteElo "2308"]
[BlackElo "2491"]

1.e4 c5 2.Nf3 d6 3.Bb5+ Nd7 4.c3 Nf6 5.Qe2 a6 6.Ba4 b5 7.Bc2 Bb7 8.d4 e5
9.Nbd2 Be7 10.Nf1 O-O 11.d5 c4 12.Ng3 g6 13.Bh6 Re8 14.Nd2 Nc5 15.h4 Bc8 16.f3
Nfd7 17.Qe3 Bxh4 18.Kf2 Be7 19.Rh2 Qb6 20.Rah1 Nb7 21.Qxb6 Nxb6 22.Be3 Nd7
23.Rxh7 Bf6 24.Ne2 Nbc5 25.R7h2 a5 26.a4 Ba6 27.axb5 Bxb5 28.Nb1 Ba4 29.Na3
Bxc2 30.Nxc2 Nd3+ 31.Kg3 Rab8 32.Rb1 Nxb2 33.Na3 Rb3 34.Ra1 Rc8 35.Nc2 Nd3
36.Ra2 Bd8 37.Rh1 Bb6 38.Rha1 N7c5 39.Na3 Nxe4+ 40.fxe4 Bxe3 41.Nc2 Bb6 42.Kf3
Nb4 43.Nxb4 axb4 44.Kg4 bxc3 45.Rc1 Bd4 46.Ra6 Rb2 47.Kf3 c2 48.Rxd6 Ra8
49.Rc6 Ra3+ 50.Kg4 Be3 51.d6 Rd3 {#R} 0-1

[Event "83rd ch-BRA 2017"]
[Site "masterchessopen.com Rio de Janeiro BRA"]
[Date "2017.02.10"]
[Round "6.5"]
[White "Mekhitarian,K"]
[Black "Souza Neves,A"]
[Result "1-0"]
[WhiteElo "2561"]
[BlackElo "2218"]

1.e4 c5 2.Nf3 Nc6 3.d4 cxd4 4.Nxd4 Nf6 5.Nc3 d6 6.Bg5 e6 7.Qd2 a6 8.O-O-O Bd7
9.f3 b5 10.Be3 Ne5 11.a3 Qc7 12.g4 h6 13.Be2 Nc4 14.Bxc4 bxc4 15.h4 g6 16.Kb1
Rb8 17.Ka1 Be7 18.Bxh6 Qb6 19.Rb1 Rxh6 20.Qxh6 Qxd4 21.Qh8+ Bf8 22.g5 Qd2
23.Qxf6 Qxc2 24.h5 gxh5 25.Rxh5 {#r} 1-0

[Event "90th Veliko Tarnovo GM"]
[Site "masterchessopen.com Veliko Tarnovo BUL"]
[Date "2017.02.10"]
[Round "7.1"]
[White "Pantev,V"]
[Black "Yordanov,Nikolay2"]
[Result "1-0"]
[WhiteElo "2430"]
[BlackElo "2144"]

1.d4 d5 2.c4 Bf5 3.Nc3 e6 4.Nf3 Nc6 5.Bf4 Bd6 6.Bg3 Bxg3 7.hxg3 Nf6 8.e3 O-O
9.Be2 Re8 10.cxd5 exd5 11.Qb3 Rb8 12.Rc1 Be4 13.Nxe4 Nxe4 14.Bb5 Re6 15.Bd3 h6
16.a3 Ne7 17.Ne5 f6 18.Bxe4 fxe5 19.dxe5 Rxe5 20.Bb1 c6 21.Qd3 Qb6 22.Qh7+ Kf7
23.b4 Rf8 24.O-O Rg5 25.Rcd1 Ng8 26.Rd4 Nf6 27.Rf4 Qc7 28.Qd3 Kg8 29.Rc1 Ne4
30.Qd4 Nd6 31.Qxa7 Rxf4 32.gxf4 Rh5 33.Bg6 {#r} 1-0

[Event "90th Veliko Tarnovo GM"]
[Site "masterchessopen.com Veliko Tarnovo BUL"]
[Date "2017.02.10"]
[Round "7.3"]
[White "Firat,B"]
[Black "Petrov,Marij"]
[Result "1-0"]
[WhiteElo "2492"]
[BlackElo "2484"]

1.Nf3 g6 2.c4 Bg7 3.Nc3 d6 4.d4 Nf6 5.g3 O-O 6.Bg2 c6 7.O-O Qa5 8.h3 Be6 9.Nd2
d5 10.Nb3 Qd8 11.Nc5 Bc8 12.cxd5 Nxd5 13.e4 Nxc3 14.bxc3 e5 15.Be3 b6 16.Nb3
Nd7 17.f4 exf4 18.Bxf4 Ba6 19.Rf2 Qe7 20.e5 Rac8 21.Nd2 g5 22.Be3 f6 23.Qa4
Bb7 24.Ne4 c5 25.Nd6 Bxg2 26.Qc4+ Kh8 27.Nxc8 Rxc8 28.Kxg2 fxe5 29.Qf7 Qxf7
30.Rxf7 exd4 31.cxd4 Nf6 32.dxc5 Nd5 33.Re1 bxc5 34.Bxg5 c4 35.Rf5 Nb4 36.Rc5
Rf8 37.Rxc4 Nxa2 38.Re7 {#r} 1-0

[Event "90th Veliko Tarnovo GM"]
[Site "masterchessopen.com Veliko Tarnovo BUL"]
[Date "2017.02.10"]
[Round "7.4"]
[White "Ninov,N"]
[Black "Dinev,De"]
[Result "1-0"]
[WhiteElo "2459"]
[BlackElo "2297"]

1.e4 e5 2.Nf3 Nc6 3.Bc4 Nf6 4.Ng5 Bc5 5.Nxf7 Bxf2+ 6.Kf1 Qe7 7.Nxh8 d5 8.exd5
Nd4 9.d6 cxd6 10.Kxf2 Bg4 11.Qf1 d5 12.c3 Nc2 13.Bb5+ Kf8 14.Bd3 Qc5+ 15.Kg3
Kg8 16.Bxc2 Rf8 17.h3 Nh5+ 18.Kh2 Rxf1 19.Rxf1 Be2 20.Rf5 Kxh8 21.Rxe5 Qd6
22.d4 Nf6 23.Bf4 Qa6 24.Nd2 Bh5 25.Rae1 Kg8 26.Bb3 Bf7 27.Re7 h6 28.Nf3 Nh5
29.Ne5 {#r} 1-0

[Event "90th Veliko Tarnovo GM"]
[Site "masterchessopen.com Veliko Tarnovo BUL"]
[Date "2017.02.10"]
[Round "7.5"]
[White "Erdogdu,M"]
[Black "Dimitrov,Vl"]
[Result "1-0"]
[WhiteElo "2453"]
[BlackElo "2391"]

1.e4 e6 2.d4 d5 3.Nc3 Bb4 4.e5 c5 5.a3 Bxc3+ 6.bxc3 Ne7 7.Qg4 O-O 8.Bd3 Nbc6
9.Qh5 Ng6 10.Nf3 Qc7 11.Be3 c4 12.Bxg6 fxg6 13.Qg4 b5 14.h4 Rf5 15.Ng5 h6
16.Nh3 Ne7 17.Qe2 Bd7 18.g4 Rff8 19.h5 gxh5 20.g5 g6 21.gxh6 Rf5 22.Kd2 Be8
23.h7+ Kxh7 24.Ng5+ Rxg5 25.Bxg5 Nf5 26.Bf6 a5 27.Qf3 Rb8 28.Rhb1 Rb7 29.Qf4
Bc6 30.Ke2 Qb8 31.Kf1 a4 32.Ke2 Qf8 33.Rg1 Be8 34.Rg5 Nh6 35.Rg3 Nf5 36.Rg2
Rd7 37.Kd2 Rb7 38.Kc1 Rd7 39.Kb2 Rb7 40.Ka2 Rd7 41.Rag1 Rb7 42.Rg5 Nh6 43.Qg3
Qf7 44.Qh3 Qd7 45.Qg3 Qf7 46.Qe3 Qd7 47.Qc1 Qc7 48.R1g3 Nf5 49.Rf3 Qf7 50.Qb1
Qf8 51.Qh1 Bf7 52.Rf4 Rb6 53.Qg2 Rb7 54.Rfxf5 exf5 55.e6 Rb6 56.Be5 Rxe6
57.Qxd5 Qe7 58.f4 Ra6 59.Qg2 Bg8 60.d5 Qb7 61.Qg1 Bxd5 62.Qc5 Qf7 63.Rg1 Be4
64.Rd1 Ra8 65.Qxb5 {#r} 1-0

[Event "FSGM January 2017"]
[Site "masterchessopen.com Budapest HUN"]
[Date "2017.02.10"]
[Round "6.1"]
[White "Cawdery,D"]
[Black "Chovan,Milan"]
[Result "1-0"]
[WhiteElo "2413"]
[BlackElo "2284"]

1.e4 c5 2.Nf3 d6 3.d4 cxd4 4.Nxd4 Nf6 5.Nc3 a6 6.Bg5 e6 7.f4 Nbd7 8.Qf3 Qc7
9.O-O-O b5 10.e5 Bb7 11.Qh3 dxe5 12.Nxe6 fxe6 13.Qxe6+ Be7 14.Bxf6 gxf6
15.Bxb5 axb5 16.Nxb5 Qc6 17.Nd6+ Qxd6 18.Rxd6 Nc5 19.Qf5 Be4 20.Qh5+ Bg6
21.Qf3 e4 22.Qd1 Nd3+ 23.Rxd3 exd3 24.Qg4 dxc2 25.Re1 Rd8 26.Qe6 Rd1+ 27.Rxd1
cxd1=Q+ 28.Kxd1 Bf7 29.Qc8+ Bd8 30.Qc6+ Kf8 31.a4 Kg7 32.b4 Be7 33.b5 Re8
34.b6 Bb4 35.b7 Bb3+ 36.Kc1 Ba3+ 37.Kd2 Bb4+ 38.Kd3 Rd8+ 39.Ke2 Ba5 40.Qc8
Bxa4 41.Qxd8 Bxd8 42.b8=Q Be7 43.Qb7 Kf7 44.Qd5+ Kf8 45.Qe4 Bb5+ 46.Kf3 {#r}
1-0

[Event "FSGM January 2017"]
[Site "masterchessopen.com Budapest HUN"]
[Date "2017.02.10"]
[Round "6.2"]
[White "Czebe,A"]
[Black "Torma,R"]
[Result "0-1"]
[WhiteElo "2484"]
[BlackElo "2492"]

1.e4 e6 2.d3 d5 3.Nd2 Nc6 4.Ngf3 Nf6 5.c3 e5 6.b4 Bd6 7.Qc2 dxe4 8.dxe4 O-O
9.Nc4 a5 10.b5 Nb8 11.h3 Nbd7 12.Be3 Bc5 13.Rd1 Qe7 14.Be2 Bxe3 15.Nxe3 Nb6
16.O-O Qc5 17.a4 Be6 18.Ng5 Bc4 19.Bxc4 Nxc4 20.Nd5 Ne8 21.Rfe1 Rd8 22.Qa2 h6
23.Nf3 Rd6 24.Ne7+ Kh8 25.Nf5 Rxd1 26.Rxd1 Nf6 27.Qc2 Kh7 28.g4 c6 29.bxc6
Qxc6 30.Ng3 g6 31.Nh2 Rc8 32.h4 Nd6 33.f3 Nc4 34.g5 Ne3 35.Qb3 Nxd1 36.Qxf7+
Kh8 37.gxf6 Qc7 38.Qxg6 Rg8 39.Qxh6+ Qh7 40.Qxh7+ Kxh7 41.Ng4 Nxc3 42.Kf2 Nxa4
43.Nxe5 Nc5 44.Ne2 a4 45.Nc3 a3 46.Na2 b5 47.Nc6 Rc8 48.Nd4 Rb8 49.Nc6 Rb6
50.Ncb4 Rxf6 51.Ke3 Na6 52.Nd5 Rf7 53.e5 Nc7 54.Ndb4 Rd7 55.Nc3 Nd5+ 56.Nbxd5
Rxd5 57.Ke4 Rd2 {#R} 0-1

[Event "FSGM January 2017"]
[Site "masterchessopen.com Budapest HUN"]
[Date "2017.02.10"]
[Round "6.3"]
[White "Pacher,M"]
[Black "Rodriguez Lopez,Ra"]
[Result "1-0"]
[WhiteElo "2466"]
[BlackElo "2277"]

1.d4 Nf6 2.c4 g6 3.Nc3 d5 4.cxd5 Nxd5 5.e4 Nxc3 6.bxc3 Bg7 7.Nf3 c5 8.Be3 Qa5
9.Qd2 Nc6 10.Rb1 a6 11.Rc1 cxd4 12.cxd4 Qxd2+ 13.Kxd2 e6 14.Bd3 O-O 15.Ke2 Rd8
16.Rc4 Bd7 17.Rhc1 Be8 18.e5 f6 19.exf6 Bxf6 20.h4 Rd6 21.Bf4 Rd7 22.Ke3 Rad8
23.Bg5 Bxg5+ 24.hxg5 e5 25.d5 Rxd5 26.Be4 Ra5 27.Rc5 Ra3+ 28.R1c3 Rxc3+
29.Rxc3 Kf7 30.Bxc6 Bxc6 31.Nxe5+ Ke8 32.Nxc6 Rc8 33.Rb3 Rxc6 34.Rxb7 Rc3+
35.Ke4 Rc2 36.f4 Rxg2 37.Rxh7 Kd8 38.Rg7 Re2+ 39.Kd5 Rd2+ 40.Ke5 Re2+ 41.Kf6
Re4 42.f5 gxf5 43.Rg8+ Kd7 44.g6 Re6+ 45.Kxf5 Re8 46.Rg7+ Kc6 47.Kf6 a5 48.Re7
Rd8 49.Re5 a4 50.Kf7 a3 51.Ra5 {#r} 1-0

[Event "FSIM January 2017"]
[Site "masterchessopen.com Budapest HUN"]
[Date "2017.02.10"]
[Round "6.1"]
[White "Wu,Yang"]
[Black "Ilincic,Z"]
[Result "0-1"]
[WhiteElo "2159"]
[BlackElo "2390"]

1.e4 c5 2.Nf3 d6 3.d4 cxd4 4.Nxd4 Nf6 5.Nc3 a6 6.Be2 h5 7.Bg5 e6 8.f4 Be7
9.Qd2 Bd7 10.e5 dxe5 11.fxe5 Ng4 12.Bxe7 Qxe7 13.Bxg4 Qh4+ 14.g3 Qxg4 15.O-O
O-O 16.Rf4 Qg6 17.Re1 Nc6 18.Nf5 exf5 19.Qxd7 Qe6 20.Qxb7 Rfb8 21.Qc7 Rxb2
22.Re2 Rd8 23.Kg2 Rbb8 24.Na4 Rd7 25.Qxb8+ Nxb8 26.Rb4 Nc6 {#R} 0-1

[Event "FSIM January 2017"]
[Site "masterchessopen.com Budapest HUN"]
[Date "2017.02.10"]
[Round "6.3"]
[White "Havanecz,B"]
[Black "Van Zyl-Rudd,Jack"]
[Result "1-0"]
[WhiteElo "2220"]
[BlackElo "2041"]

1.d4 d5 2.c4 dxc4 3.e3 e5 4.Bxc4 exd4 5.exd4 Bd6 6.Nf3 Nf6 7.O-O O-O 8.h3 h6
9.Qc2 Nc6 10.Nc3 Nb4 11.Qb1 c6 12.Bxh6 gxh6 13.Qg6+ Kh8 14.Qxh6+ Kg8 15.Qg6+
Kh8 16.Bxf7 Nh7 17.Ne4 Be7 18.Qh5 Kg7 19.Ne5 Nd5 20.Qg6+ Kh8 21.Ng3 Bf6 22.Bg8
Qe7 23.Nf7+ Rxf7 24.Qxf7 Qxf7 25.Bxf7 Nb6 26.Rad1 Kg7 27.Bb3 Kg6 28.Rfe1 Bd7
29.Bc2+ Kh6 30.Ne4 Nd5 31.Nc5 Nf8 32.Bb3 Bf5 33.Nxb7 Rb8 34.Nd6 Bg6 35.Nc4 Nd7
36.Re6 Kg7 37.Rxc6 N7b6 38.Nxb6 Nxb6 39.Rc7+ Kh6 40.Rxa7 Rd8 41.Ra6 {#r} 1-0

[Event "FSIM January 2017"]
[Site "masterchessopen.com Budapest HUN"]
[Date "2017.02.10"]
[Round "6.4"]
[White "Krstulovic,Alex"]
[Black "Lyell,M"]
[Result "1-0"]
[WhiteElo "2294"]
[BlackElo "2244"]

1.d4 e6 2.c4 f5 3.g3 Nf6 4.Bg2 d5 5.Qc2 Bd6 6.Nh3 O-O 7.O-O Nc6 8.Rd1 Bd7
9.Bf4 Be7 10.Be5 Ne4 11.Nf4 Nxe5 12.dxe5 c6 13.Nd2 Qe8 14.Nd3 g5 15.Rac1 Qh5
16.e3 Be8 17.Nf1 Rc8 18.cxd5 exd5 19.f3 Bg6 20.fxe4 fxe4 21.Nf2 Bd8 22.Rxd5
Bb6 23.Rd7 Rcd8 24.Rxd8 Rxd8 25.Rd1 Rf8 26.Rd7 g4 27.Qc4+ Kh8 28.e6 Qg5
29.Qc3+ {#r} 1-0

[Event "FSIM January 2017"]
[Site "masterchessopen.com Budapest HUN"]
[Date "2017.02.10"]
[Round "6.5"]
[White "Cai,Chaoruo"]
[Black "Farkas,R"]
[Result "1-0"]
[WhiteElo "2100"]
[BlackElo "2310"]

1.d4 Nf6 2.Nf3 g6 3.c4 Bg7 4.Nc3 O-O 5.e4 d6 6.h3 Nbd7 7.Be2 e5 8.dxe5 dxe5
9.Bg5 h6 10.Be3 c6 11.Qd2 Kh7 12.g4 Ne8 13.g5 h5 14.Nh4 Nc7 15.Nf5 Bh8
16.O-O-O Ne6 17.Bxh5 gxh5 18.Qe2 Ng7 19.Rd6 Re8 20.Rg1 Qc7 21.g6+ fxg6
22.Rdxg6 Nf6 23.Rxf6 Bxf5 24.Qxh5+ Kg8 25.Rh6 {#r} 1-0

[Event "Portugal Open Rapid 2017"]
[Site "masterchessopen.com Lisbon POR"]
[Date "2017.02.11"]
[Round "2.1"]
[White "Guerreiro,Raul Jose Lopes"]
[Black "Kovalenko,I"]
[Result "0-1"]
[WhiteElo "2048"]
[BlackElo "2684"]

1.e4 c5 2.d4 cxd4 3.Nf3 d6 4.Nxd4 Nf6 5.Bd3 Nc6 6.Be3 Ng4 7.Nxc6 bxc6 8.Bd4 e5
9.Bc3 Qh4 10.g3 Qh3 11.Bf1 Qh6 12.Be2 Nf6 13.Nd2 Be7 14.f3 O-O 15.Nf1 Ne8
16.Bd2 Qg6 17.Ne3 Nc7 18.c4 Bg5 19.Ng2 Bh3 20.O-O Ne6 21.Bxg5 Qxg5 22.Rf2 Bxg2
23.Rxg2 Nd4 24.f4 Qe7 25.Bf3 a5 26.Rd2 c5 27.Bg2 Rfb8 28.b3 Rb4 29.f5 a4
30.Rb1 axb3 31.axb3 h6 32.f6 Qxf6 33.Rf2 Qe7 34.Ra1 Rxa1 35.Qxa1 Rxb3 36.Qa8+
Kh7 37.Qd5 Rb7 38.Bh3 g6 39.Bf1 Kg7 40.h4 h5 41.Kg2 Rb3 42.Be2 Rb2 43.Bd1
Rxf2+ 44.Kxf2 Qe6 45.Qb7 Qxc4 {#R} 0-1

[Event "Portugal Open Rapid 2017"]
[Site "masterchessopen.com Lisbon POR"]
[Date "2017.02.11"]
[Round "2.6"]
[White "Indjic,A"]
[Black "Dias,Ricardo Pedro Cruz"]
[Result "1-0"]
[WhiteElo "2560"]
[BlackElo "2119"]

1.d4 d5 2.c4 c6 3.Nf3 Nf6 4.Nc3 e6 5.Bg5 Nbd7 6.e3 Qa5 7.cxd5 Nxd5 8.Qd2 Bb4
9.Rc1 O-O 10.a3 Bxc3 11.bxc3 b6 12.Bd3 Ba6 13.c4 Qxd2+ 14.Kxd2 N5f6 15.e4 e5
16.Nxe5 Nxe5 17.dxe5 Ng4 18.f4 Nf2 19.Rhf1 Nxd3 20.Kxd3 b5 21.Be7 Rfe8 22.Bd6
Rad8 23.Kd4 c5+ 24.Kxc5 Rc8+ 25.Kd4 bxc4 26.Rc3 Red8 27.Rb1 Rd7 28.Rb4 Rb7
29.g4 Rxb4 30.axb4 Bb5 31.f5 Rc6 32.Kd5 Rc8 33.e6 Bc6+ 34.Ke5 f6+ 35.Kd4 Rd8
36.e5 fxe5+ 37.Kxe5 Bb5 38.g5 h6 39.f6 Be8 40.h4 hxg5 41.hxg5 Rc8 42.Rf3 {#r}
1-0

[Event "Portugal Open Rapid 2017"]
[Site "masterchessopen.com Lisbon POR"]
[Date "2017.02.11"]
[Round "2.10"]
[White "Annaberdiev,M"]
[Black "Veiga,Jose Francisco R P Neves"]
[Result "1-0"]
[WhiteElo "2435"]
[BlackElo "2069"]

1.e4 c5 2.Nf3 Nc6 3.Nc3 g6 4.Bb5 Bg7 5.O-O Nd4 6.Re1 Nxb5 7.Nxb5 d5 8.exd5 a6
9.Nc3 Nf6 10.d4 Nxd5 11.Nxd5 Qxd5 12.Bg5 Be6 13.Qd2 cxd4 14.Bh6 O-O 15.Bxg7
Kxg7 16.Qxd4+ Kg8 17.Qf4 Qf5 18.Qh6 Qh5 19.Qxh5 gxh5 20.Nd4 Rad8 21.c3 Rd6
22.h4 Kg7 23.Re5 Kf6 24.Rae1 Rg8 25.Rxh5 Bd5 26.Rf5+ Kg7 27.Rg5+ Kf8 28.Rxg8+
Kxg8 29.Rxe7 Kf8 30.Rc7 Ke8 31.Rc8+ Ke7 32.Nf5+ {#r} 1-0

[Event "Portugal Open Rapid 2017"]
[Site "masterchessopen.com Lisbon POR"]
[Date "2017.02.11"]
[Round "2.13"]
[White "Leao,Tiago Miguel Da Silva"]
[Black "Akshat,Kh"]
[Result "0-1"]
[WhiteElo "2044"]
[BlackElo "2361"]

1.e4 Nf6 2.e5 Nd5 3.d4 d6 4.Nf3 Nc6 5.h3 Bf5 6.Nh4 Bg6 7.Nxg6 hxg6 8.exd6 exd6
9.c4 Nb6 10.Be3 Be7 11.Qd2 Bf6 12.Nc3 O-O 13.Be2 d5 14.c5 Nc4 15.Bxc4 dxc4
16.Rd1 Nb4 17.O-O c6 18.b3 cxb3 19.axb3 Re8 20.Nb5 Nd5 21.Nd6 Re7 22.Bg5 b5
23.Bxf6 Nxf6 24.Rfe1 a5 25.Rxe7 Qxe7 26.Re1 Qd7 27.Re5 a4 28.bxa4 bxa4 29.Qa2
a3 30.Re3 Qa7 31.Nc4 Rd8 32.Rxa3 Qb7 33.Nd6 Qe7 34.Re3 Qd7 35.Qe2 Nd5 36.Re8+
Rxe8 37.Qxe8+ Qxe8 38.Nxe8 Kf8 39.Nd6 Nf4 40.Kf1 Ne6 41.Ke2 Nxd4+ 42.Kd3 Ne6
43.Kc4 Nf4 44.Nc8 Ke8 45.Nd6+ Ke7 46.Nc8+ Kd7 47.Nd6 Ke6 48.g3 Nxh3 49.f4 f5
50.Ne8 Nf2 51.Kd4 Nh1 52.Nxg7+ Kf7 53.Ke5 Kxg7 54.Kd6 Nxg3 {#R} 0-1

[Event "Portugal Open Rapid 2017"]
[Site "masterchessopen.com Lisbon POR"]
[Date "2017.02.11"]
[Round "3.1"]
[White "Kovalenko,I"]
[Black "Pires,E"]
[Result "1-0"]
[WhiteElo "2684"]
[BlackElo "2128"]

1.e4 e6 2.d4 d5 3.Nc3 Bb4 4.e5 c5 5.a3 Bxc3+ 6.bxc3 Ne7 7.Qg4 Qc7 8.Bd3 c4
9.Be2 Nf5 10.a4 Nc6 11.Qh3 Qa5 12.Kf1 Bd7 13.g4 Nfe7 14.Qe3 O-O-O 15.Nh3 f6
16.Ba3 h5 17.Nf4 Rde8 18.Nxh5 fxe5 19.dxe5 Rxh5 20.gxh5 Nf5 21.Qh3 Nxe5 22.Bb4
Qc7 23.Rg1 Nc6 24.h6 gxh6 25.Bh5 Rh8 26.Ba3 Qf4 27.Re1 Kb8 28.Bc1 Qd6 29.Bg6
Nce7 30.Bxf5 Nxf5 31.Rg6 Rf8 32.Qg4 Ka8 33.Bf4 Qa3 34.Rg8 a6 35.Qg6 Ka7
36.Rxf8 Qxf8 37.a5 Qc5 38.Qg8 Bc8 39.Rxe6 Ne7 40.Rxe7 Bh3+ 41.Kg1 Qxe7 {#r}
1-0